| Tag |
First Indicator |
Second Indicator |
Subfields |
| LEADER |
00000cam a22000001a 4500 |
| 001 |
in00002304621 |
| 005 |
20190326202731.0 |
| 006 |
m | d | |
| 007 |
cr |n||||||||n |
| 008 |
901205s1798 enk s 000 0 eng d |
| 010 |
|
|
|a nuc87686299
|
| 040 |
|
|
|a ResP
|c GKS
|d RQM
|d OCL
|d Thomson Gale
|d UtOrBLW
|
| 043 |
|
|
|a e-uk---
|
| 100 |
1 |
|
|a Pope, Simeon.
|
| 245 |
1 |
0 |
|a Interesting suggestions to proprietors and trustees of estates respecting the land-tax sale and redemption act /
|c by Simeon Pope.
|
| 250 |
|
|
|a 3rd and improved ed.
|
| 264 |
|
1 |
|a London :
|b Sold by W.I. and I. Richardson,
|c 1798.
|
| 300 |
|
|
|a 28 pages ;
|c 21 cm.
|
| 336 |
|
|
|a text
|b txt
|2 rdacontent
|
| 337 |
|
|
|a computer
|b c
|2 rdamedia
|
| 338 |
|
|
|a online resource
|b cr
|2 rdacarrier
|
| 500 |
|
|
|a Reproduction of original from Goldsmiths' Library, University of London.
|
| 500 |
|
|
|a Goldsmiths'-Kress number 17370.
|
| 510 |
4 |
|
|a OCLC,
|c 22778626
|
| 533 |
|
|
|a Electronic reproduction.
|b Farmington Hills, Mich. :
|c Thomson Gale,
|d 2005.
|f (The making of the modern world).
|n Available via the World Wide Web.
|n Access limited to licensing agreements.
|7 s2005 miunns
|
| 500 |
|
|
|a Electronic resource.
|
| 650 |
|
0 |
|a Land value taxation
|z Great Britain.
|
| 650 |
|
0 |
|a Stocks
|z Great Britain.
|
| 650 |
|
0 |
|a Finance, Public
|z Great Britain.
|
| 655 |
|
0 |
|a Electronic books.
|
| 830 |
|
0 |
|a Making of the modern world (Goldsmiths'-Kress Library of Economic Literature)
|
| 856 |
4 |
0 |
|u http://proxy.library.tamu.edu/login?url=http://galenet.galegroup.com/servlet/MOME?af=RN&ae=U102617909&srchtp=a&ste=14&locID=txshracd2898
|z Connect to the full text of this electronic book
|t 0
|
| 999 |
|
|
|a MARS
|
| 999 |
f |
f |
|s b2b7d1a6-14d2-3778-a75f-4eb3185c3a49
|i d1600902-0a89-3ca4-ad09-f17a2da1b2dc
|t 0
|
| 952 |
f |
f |
|a Texas A&M University
|b College Station
|c Electronic Resources
|d Available Online
|t 0
|h No information provided
|
| 998 |
f |
f |
|t 0
|l Available Online
|